000 01061cam a2200313 a 4500
001 1525073
005 20140130111933.0
008 901105t1991 xxuak frb z001 0 eng d
010 _a90023614
020 _a0805321667
020 _a0805321691
020 _a9780805321661
040 _aDLC
_cDLC
_dDLC
082 0 4 _a005.453
_222
_bFIS
100 1 _aFischer, Charles N.
_934990
245 1 0 _aCrafting a compiler with C /
_cCharles N. Fischer, Richard J. LeBlanc, Jr. ; C code by Arnold D. Robbins.
260 _aRedwood, United States :
_bBenjamin / Cummings Pub. Co.,
_cc.1991.
300 _axix, 812 p. :
_bforms, tables ;
_c24 cm.
500 _aIndex : p. 806-812.
500 _aIncludes appendix.
504 _aBibliography : p. 799-805.
650 0 _aC (Computer program language)
_93405
650 0 _aCompilers (Computer programs)
_913036
653 _bCS
_cJanuary2014
655 _vreading book
_934232
700 1 _aLeBlanc, Richard J.
_q(Richard Joseph),
_d1950-
_934991
700 1 _aRobbins, Arnold D.
_934992
942 _2ddc
_k005.453 FIS
999 _c17996
_d17968